[Event "Harrogate 4NCL op-C 27th"]
[Site "Harrogate"]
[Date "2022.01.23"]
[Round "4"]
[White "Watson, Andrew"]
[Black "McKay, Ruairidh"]
[Result "0-1"]
[WhiteElo "1558"]
[BlackElo "1531"]
[PlyCount "74"]
[EventDate "2022.01.21"]
[EventType "swiss"]
[EventRounds "5"]
[EventCountry "ENG"]
[SourceTitle "CBM 206 Extra"]
[Source "ChessBase"]
[SourceDate "2022.03.31"]
[SourceVersion "1"]
[SourceVersionDate "2022.03.31"]
[SourceQuality "1"]

1. d4 Nf6 2. Nc3 e6 3. Bf4 Bb4 4. a3 Bxc3+ 5. bxc3 Nd5 6. Bd2 0-0 7. e4 Nb6 8. Bd3 f5 9. Qe2 d6 10. Nh3 e5 11. Ng5 Qe8 12. h4 f4 13. Qf3 h5 14. Qe2 Nc6 15. d5 Nd8 16. a4 a5 17. Bc1 Bg4 18. f3 Bd7 19. Bb5 Nxa4 20. Bxa4 Bxa4 21. Kf2 Bd7 22. Bd2 Nf7 23. Qc4 Nxg5 24. hxg5 c6 25. Qb3 b5 26. dxc6+ Be6 27. Qxb5 g6 28. Rxa5 Rxa5 29. Qxa5 Qxc6 30. Rb1 Qd7 31. Qa6 Qe7 32. c4 Rd8 33. Bb4 Qxg5 34. Bxd6 Qg3+ 35. Ke2 Qxg2+ 36. Kd3 Qxf3+ 37. Kd2 Qe3+ 0-1